000 00359nam a2200157Ia 4500
003 IT-RoPAU
008 120407s9999 xx 000 0 und d
040 _aIT-RoPAU
040 _cIT-RoPAU
100 _aBill Bright
245 _aGesù il rivoluzionario vivente
260 _aEd. Studenti italiani per Cristo
300 _c cm
490 _v1
942 _cBK
999 _c2878
_d2878